| 000 | 00587cam a2200181 a 4500 | ||
|---|---|---|---|
| 020 | _a069728655X (case) | ||
| 020 | _a0697286568 (pbk.) | ||
| 082 | 0 | 0 |
_a363.7 _bSMI _cN-01, P-97 |
| 100 | 1 |
_aEnger, Eldon D. _938121 |
|
| 245 | 1 | 0 |
_aEnvironmental science : _ba study of interrelationships. |
| 250 | _a6th ed. / | ||
| 260 |
_aBoston, Mass. : _bWCB/McGraw Hill, _cc1998. |
||
| 300 |
_axxi, 456 p. : _bill. (some col.), col. maps ; _c29 cm. |
||
| 526 |
_a0 _b0 _c0 _d363_700000000000000_SMI |
||
| 650 | 0 | _aEnvironmental sciences. | |
| 700 | 1 |
_aSmith, Bradley Fraser. _938122 |
|
| 942 |
_2ddc _cBK |
||
| 999 |
_c542788 _d542788 |
||